Държави според звездите на знамената им - Statistics

General Stats
  • This quiz has been taken 36 times
  • The average score is 9 of 22
Answer Stats
# държава % Correct
50 САЩ
96%
4 Нова Зеландия
83%
6 Австралия
78%
9 Босна и Херцеговина
70%
5 Китай
65%
6 Косово
52%
4 Микронезия
52%
8 Венецуела
48%
10 Кабо Верде
39%
27 Бразилия
35%
12 Узбекистан
35%
9 Тувалу
30%
5 Хондурас
30%
5 Сингапур
30%
7 Гренада
26%
5 Папуа Нова Гвинея
22%
5 Самоа
22%
5 Туркменистан
17%
4 Комори
17%
5 Соломонови острови
13%
10 Доминика
9%
7 Таджикистан
4%
No matching quizzes found
Score Distribution
Percent of People with Each Score
Percentile by Number Answered
Your Score History
You have not taken this quiz